Estatutos y reglamento de la sociedad anónima titulada El Cabotage : Compañía General de Seguros Marítimos : aprobados por el Gobierno de S. M. Compañía General de Seguros Marítimos :
Descripción Física:
29 p. ; 26 cm
Materias:
Assegurances marítimes
MARC
| LEADER | 00000nam a2200000Ia 4500 | ||
|---|---|---|---|
| 001 | 18038 | ||
| 008 | 160829s1856 xx 000 0 cat d | ||
| 080 | |a RF-2-27 | ||
| 100 | |a Cabotage, El. Compañía General de Seguros Marítimos |9 46591 | ||
| 245 | |a Estatutos y reglamento de la sociedad anónima titulada El Cabotage : |b Compañía General de Seguros Marítimos : |b aprobados por el Gobierno de S. M. | ||
| 260 | |a Barcelona : |b Imprenta de José Tauló, |c 1856 | ||
| 300 | |a 29 p. ; |c 26 cm | ||
| 590 | |a Prové de 176, exp. 4 | ||
| 650 | |a Assegurances marítimes |9 46592 | ||
| 856 | 4 | |u https://media.diba.cat/diba/fitxers/arxiu/fulletons/bib_18038_1856_baixa.pdf |y Accés lliure | |
| 856 | 4 | |u https://media.diba.cat/diba/fitxers/arxiu/fulletons/bib_18038_1856_baixa.pdf |y Accés lliure | |
| 901 | |a Arxiu | ||
| 942 | |n 1 |2 udc | ||
| 952 | |0 0 |1 0 |4 0 |6 RF227 |7 1 |9 53300 |a Arxiu |b Arxiu |d 2016-12-01 |l 0 |o RF-2-27 |p 18038 |r 2016-12-01 00:00:00 |w 2016-12-01 |y ARXIU | ||
| 999 | |c 57164 |d 57164 | ||
| 900 | |a bib_18038_1856_baixa.pdf | ||